[Event "4. Praha Open"]
[Site "Praha CZE"]
[Date "2005.01.14"]
[Round "1.1"]
[White "Zakhartsov, Viacheslav V"]
[Black "Paldus, Petr"]
[Result "1/2-1/2"]
[WhiteElo "2529"]
[BlackElo "2111"]
[PlyCount "112"]
[EventDate "2005.01.14"]
[EventType "swiss"]
[EventRounds "9"]
[EventCountry "CZE"]
[Source "lmi"]
[SourceDate "2005.01.20"]

1. d4 d5 2. c4 e6 3. Nc3 c6 4. e3 f5 5. Qc2 Nf6 6. Bd3 Be7 7. Nge2 O-O 8. O-O
Ne4 9. f3 Nxc3 10. bxc3 Nd7 11. cxd5 cxd5 12. Bd2 Nb6 13. e4 Nc4 14. Bf4 g5 15.
Bxc4 dxc4 16. Be5 Bd6 17. Bxd6 Qxd6 18. f4 g4 19. Ng3 Bd7 20. Rae1 Rf7 21. exf5
exf5 22. Re5 Raf8 23. Rfe1 b6 24. R1e3 Qg6 25. Qe2 b5 26. Rc5 h5 27. Ree5 h4
28. Ne4 g3 29. Ng5 gxh2+ 30. Kxh2 Rg7 31. Re7 Qd6 32. Rxg7+ Kxg7 33. Re5 Re8
34. Nf3 Rxe5 35. fxe5 Qh6 36. d5 Qf4+ 37. Kg1 b4 38. cxb4 c3 39. Kf2 Qg3+ 40.
Ke3 f4+ 41. Kd4 Bg4 42. e6 Bxf3 43. gxf3 Qg1+ 44. Kc4 Qe3 45. Qg2+ Kf6 46. Qg4
c2 47. Qxh4+ Ke5 48. Qg5+ Kd6 49. Qd8+ Ke5 50. Qb8+ Kf5 51. Qf8+ Ke5 52. Qh8+
Kd6 53. Qb8+ Ke7 54. Qc7+ Kf6 55. Qf7+ Ke5 56. Qg7+ Kd6 1/2-1/2

[Event "4. Praha Open"]
[Site "Praha CZE"]
[Date "2005.01.14"]
[Round "1.4"]
[White "Turner, Radek"]
[Black "Voloshin, Leonid"]
[Result "0-1"]
[WhiteElo "2099"]
[BlackElo "2464"]
[PlyCount "84"]
[EventDate "2005.01.14"]
[EventType "swiss"]
[EventRounds "9"]
[EventCountry "CZE"]
[Source "lmi"]
[SourceDate "2005.01.20"]

1. c4 e5 2. Nc3 Nc6 3. g3 Bb4 4. Bg2 Bxc3 5. dxc3 d6 6. Nf3 Nge7 7. b3 f6 8. a4
a5 9. Ba3 Be6 10. Qc2 Qd7 11. h4 O-O 12. Rd1 Rad8 13. e4 b6 14. O-O h6 15. Nd2
g5 16. hxg5 fxg5 17. f3 Rf6 18. Rf2 Rdf8 19. Nf1 g4 20. Nh2 Ng6 21. Rdf1 gxf3
22. Rxf3 Rxf3 23. Rxf3 Rxf3 24. Bxf3 Qg7 25. Kf2 Nh8 26. Bc1 Nf7 27. Qd2 Ng5
28. Bg2 Nb8 29. Qe2 Nd7 30. Nf3 Nh3+ 31. Bxh3 Bxh3 32. Qe3 Nf6 33. Nh2 Qg6 34.
Qxh6 Nxe4+ 35. Kf3 Qf5+ 36. Bf4 exf4 37. g4 Ng5+ 38. Kf2 Qc2+ 39. Ke1 Qxc3+ 40.
Kd1 Qxb3+ 41. Kd2 Ne4+ 42. Ke1 Qe3+ 0-1

[Event "4. Praha Open"]
[Site "Praha CZE"]
[Date "2005.01.14"]
[Round "1.7"]
[White "Ratolistka, Josef"]
[Black "Meduna, Eduard"]
[Result "0-1"]
[WhiteElo "2094"]
[BlackElo "2435"]
[PlyCount "56"]
[EventDate "2005.01.14"]
[EventType "swiss"]
[EventRounds "9"]
[EventCountry "CZE"]
[Source "lmi"]
[SourceDate "2005.01.20"]

1. e4 c6 2. c3 d5 3. d3 e5 4. Nf3 Bd6 5. Bg5 f6 6. Bh4 Ne7 7. Bg3 O-O 8. Be2
Ng6 9. Na3 Be6 10. Nc2 Nd7 11. Ne3 Bc5 12. Qb3 Nf4 13. Bxf4 exf4 14. exd5 Bf7
15. Nd1 Bxd5 16. c4 Bxf3 17. gxf3 Re8 18. Nc3 Bd4 19. Kf1 Nc5 20. Qc2 f5 21. b4
Qh4 22. Nd1 Qh3+ 23. Ke1 Qxf3 24. Rg1 Nxd3+ 25. Kf1 Qh3+ 26. Rg2 f3 27. Ne3
Rxe3 28. Bxf3 Rxf3 0-1

[Event "4. Praha Open"]
[Site "Praha CZE"]
[Date "2005.01.14"]
[Round "1.12"]
[White "Vavra, Pavel"]
[Black "Reznicek, Marcel"]
[Result "0-1"]
[WhiteElo "2390"]
[BlackElo "2079"]
[PlyCount "136"]
[EventDate "2005.01.14"]
[EventType "swiss"]
[EventRounds "9"]
[EventCountry "CZE"]
[Source "lmi"]
[SourceDate "2005.01.20"]

1. e4 c5 2. Nf3 g6 3. d4 cxd4 4. Nxd4 Nc6 5. Nc3 Bg7 6. Nb3 d6 7. Be2 Bd7 8.
O-O Nf6 9. Bg5 O-O 10. Kh1 Rc8 11. f4 Ne8 12. Rb1 Nb4 13. a3 Rxc3 14. bxc3 Na2
15. Qd3 Nxc3 16. Nd4 Nxb1 17. Rxb1 b6 18. e5 d5 19. Qg3 Nc7 20. f5 f6 21. exf6
Bxf6 22. fxg6 Bxd4 23. Qh4 hxg6 24. Bxe7 Bf6 25. Qxf6 Rxf6 26. Bxd8 Rc6 27. Rc1
Bf5 28. c3 Ne6 29. Bh4 Nc5 30. Rd1 Re6 31. Bf3 Be4 32. Bg4 Re8 33. Kg1 Kg7 34.
Bf2 Nd3 35. Bd4+ Ne5 36. h4 Kg8 37. Bh3 Nc4 38. Rf1 Ne5 39. Rf6 Nf7 40. Be6 Re7
41. h5 gxh5 42. Kh2 Kf8 43. Be5 Ke8 44. Bf4 Nd8 45. Bc8 Rf7 46. Be5 Rxf6 47.
Bxf6 Nf7 48. Kh3 Nd6 49. Ba6 Kd7 50. Be2 Ke6 51. Bd8 Bg6 52. a4 Ne4 53. c4 d4
54. Kh4 Nc5 55. a5 bxa5 56. Bxa5 d3 57. Bf3 Ne4 58. Bb4 Ke5 59. c5 Kd5 60. g4
hxg4 61. Kxg4 Kc4 62. Ba3 Nxc5 63. Kf4 Ne6+ 64. Ke3 Nd4 65. Bd1 Nc2+ 66. Bxc2
dxc2 67. Kd2 Kb3 68. Bc1 a5 0-1

[Event "4. Praha Open"]
[Site "Praha CZE"]
[Date "2005.01.14"]
[Round "1.16"]
[White "Hardarson, Robert"]
[Black "Postupa, Pavel"]
[Result "1/2-1/2"]
[WhiteElo "2325"]
[BlackElo "2059"]
[PlyCount "96"]
[EventDate "2005.01.14"]
[EventType "swiss"]
[EventRounds "9"]
[EventCountry "CZE"]
[Source "lmi"]
[SourceDate "2005.01.20"]

1. e4 c5 2. d4 cxd4 3. Qxd4 Nc6 4. Qe3 e5 5. Nc3 d6 6. Bc4 Nf6 7. Bd2 Nd4 8.
O-O-O Be6 9. Bxe6 Nxe6 10. Nge2 Be7 11. f4 a6 12. f5 Nc5 13. Qf3 b5 14. Be3 Rc8
15. Ng3 Qa5 16. Kb1 O-O 17. Nh5 Ncd7 18. Nxf6+ Nxf6 19. Bg5 b4 20. Nd5 Nxd5 21.
Rxd5 Qc7 22. Bd2 Qxc2+ 23. Ka1 Rc4 24. b3 Rc3 25. Rc1 Qxc1+ 26. Bxc1 Rxc1+ 27.
Kb2 Rfc8 28. Qe2 Bg5 29. a4 Be3 30. Rxd6 Bd4+ 31. Rxd4 exd4 32. e5 R1c3 33. e6
d3 34. exf7+ Kf8 35. Qe3 Rc2+ 36. Kb1 R2c3 37. Kb2 Kxf7 38. Qe6+ Kf8 39. Qd6+
Kg8 40. Qxb4 Rc2+ 41. Ka3 Rd8 42. Qe7 Rdc8 43. Qe6+ Kh8 44. f6 d2 45. fxg7+
Kxg7 46. Qe7+ Kg8 47. Qe6+ Kg7 48. Qe7+ Kg8 1/2-1/2

[Event "4. Praha Open"]
[Site "Praha CZE"]
[Date "2005.01.14"]
[Round "1.27"]
[White "Kettenburg, Stefan"]
[Black "Csala, Jan"]
[Result "1/2-1/2"]
[WhiteElo "2030"]
[BlackElo "2214"]
[PlyCount "39"]
[EventDate "2005.01.14"]
[EventType "swiss"]
[EventRounds "9"]
[EventCountry "CZE"]
[Source "lmi"]
[SourceDate "2005.01.20"]

1. d4 Nf6 2. c4 g6 3. Nc3 Bg7 4. e4 d6 5. f4 c5 6. d5 O-O 7. Nf3 e6 8. Be2 exd5
9. exd5 Na6 10. O-O Nc7 11. Bd3 a6 12. a4 b6 13. f5 Ng4 14. fxg6 fxg6 15. Bg5
Bf6 16. Qd2 Ne8 17. Qc2 Ra7 18. Ne4 Bf5 19. h3 Bxe4 20. Bxe4 1/2-1/2

[Event "4. Praha Open"]
[Site "Praha CZE"]
[Date "2005.01.14"]
[Round "1.29"]
[White "Zakoucka, Adela"]
[Black "Fraas, Martin"]
[Result "1/2-1/2"]
[WhiteElo "2021"]
[BlackElo "2194"]
[PlyCount "77"]
[EventDate "2005.01.14"]
[EventType "swiss"]
[EventRounds "9"]
[EventCountry "CZE"]
[Source "lmi"]
[SourceDate "2005.01.20"]

1. e4 e5 2. Nf3 d6 3. d4 Nf6 4. Nc3 Nbd7 5. Bc4 Be7 6. Be3 c6 7. d5 Nb6 8. Bb3
O-O 9. a4 cxd5 10. exd5 Nbd7 11. Qd3 Ng4 12. Bd2 Nc5 13. Qc4 b6 14. Ne4 Ba6 15.
Qb4 Nxb3 16. Qxb3 Rc8 17. Nc3 Bc4 18. Qa3 Nf6 19. b3 Bxd5 20. Nxd5 Nxd5 21. c4
Nf6 22. Qb2 e4 23. Nd4 d5 24. cxd5 Nxd5 25. Rc1 Rxc1+ 26. Bxc1 Bf6 27. O-O Nb4
28. Be3 Qd7 29. Qd2 Nd3 30. Ne2 Rd8 31. Rd1 Qc7 32. Qa2 g6 33. Ng3 Qc6 34. Qe2
Qe6 35. Bh6 Rd4 36. Be3 Rd8 37. Bh6 Rd4 38. Be3 Rd8 39. Bh6 1/2-1/2

[Event "4. Praha Open"]
[Site "Praha CZE"]
[Date "2005.01.14"]
[Round "1.31"]
[White "Kucera, Tomas"]
[Black "Babar, Michael"]
[Result "1/2-1/2"]
[WhiteElo "2008"]
[BlackElo "2190"]
[PlyCount "58"]
[EventDate "2005.01.14"]
[EventType "swiss"]
[EventRounds "9"]
[EventCountry "CZE"]
[Source "lmi"]
[SourceDate "2005.01.20"]

1. e4 c5 2. Nf3 d6 3. d4 cxd4 4. Nxd4 Nf6 5. Nc3 g6 6. f4 Nc6 7. Nxc6 bxc6 8.
e5 dxe5 9. Qxd8+ Kxd8 10. fxe5 Ng4 11. Bf4 Be6 12. h3 Bh6 13. Bxh6 Nxh6 14. g4
Kc7 15. Bg2 Rad8 16. Ke2 f5 17. exf6 exf6 18. Rad1 f5 19. Rxd8 Rxd8 20. Bf3 Rd7
21. Rg1 Nf7 22. gxf5 Bxf5 23. Bg4 Re7+ 24. Kd2 Ne5 25. Kc1 Bxg4 26. hxg4 h5 27.
gxh5 gxh5 28. Rh1 Rh7 29. Ne4 h4 1/2-1/2

[Event "4. Praha Open"]
[Site "Praha CZE"]
[Date "2005.01.14"]
[Round "1.39"]
[White "Petrak, Robert"]
[Black "Castle, Kenneth"]
[Result "1-0"]
[WhiteElo "2148"]
[BlackElo "1956"]
[PlyCount "155"]
[EventDate "2005.01.14"]
[EventType "swiss"]
[EventRounds "9"]
[EventCountry "CZE"]
[Source "lmi"]
[SourceDate "2005.01.20"]

1. e3 d5 2. Ne2 Nf6 3. d4 e6 4. g3 Bd6 5. Bg2 O-O 6. O-O b6 7. Nd2 Bb7 8. b3
Nbd7 9. Bb2 c5 10. c4 Rc8 11. cxd5 exd5 12. dxc5 bxc5 13. Nf3 Re8 14. Qc2 Ne4
15. Rad1 Qb6 16. Nc3 Ndf6 17. Nd2 Nxc3 18. Bxc3 Be5 19. Bxe5 Rxe5 20. Rfe1 Qb4
21. Rc1 h5 22. Nf3 Ree8 23. Nh4 c4 24. bxc4 Rxc4 25. Qd3 Ba6 26. Rb1 Qc5 27.
Nf5 Ra4 28. Qb3 Qa5 29. e4 Bc4 30. Qb7 Rxa2 31. Nd6 Rf8 32. Red1 Qc5 33. Rb2
Rxb2 34. Qxb2 Qxd6 35. e5 Qb6 36. Qxb6 axb6 37. exf6 gxf6 38. Bxd5 Bxd5 39.
Rxd5 Kg7 40. Rxh5 Rb8 41. Rb5 Kg6 42. g4 f5 43. gxf5+ Kg5 44. Kg2 Kf4 45. h4
Kg4 46. f3+ Kxh4 47. f6 Rg8+ 48. Kf2 Rb8 49. Ke3 Kg3 50. Rg5+ Kh4 51. Re5 b5
52. Re7 Rf8 53. Kf4 Kh5 54. Kf5 Kh4 55. Rb7 Kg3 56. f4 Kf3 57. Rxb5 Ke3 58. Rd5
Kf3 59. Rd7 Ke3 60. Ke5 Re8+ 61. Re7 Rf8 62. Rd7 Kf3 63. Rd3+ Kg4 64. Rd7 Re8+
65. Re7 Rf8 66. Ke4 Kg3 67. Re5 Kg4 68. Rg5+ Kh4 69. Rg7 Kh3 70. Kd5 Kh4 71.
Kd6 Re8 72. Rxf7 Re4 73. f5 Kg5 74. Re7 Rd4+ 75. Ke5 Ra4 76. f7 Ra5+ 77. Ke4
Ra4+ 78. Kd3 1-0

[Event "4. Praha Open"]
[Site "Praha CZE"]
[Date "2005.01.14"]
[Round "1.40"]
[White "Katte, Oliver"]
[Black "Jaeger, Andre"]
[Result "0-1"]
[WhiteElo "1677"]
[BlackElo "2147"]
[PlyCount "54"]
[EventDate "2005.01.14"]
[EventType "swiss"]
[EventRounds "9"]
[EventCountry "CZE"]
[Source "lmi"]
[SourceDate "2005.01.20"]

1. e4 c5 2. Nc3 Nc6 3. f4 e6 4. Bb5 Nge7 5. Nf3 a6 6. Bxc6 Nxc6 7. d3 Be7 8.
O-O d5 9. f5 d4 10. Ne2 exf5 11. exf5 Bxf5 12. Ne5 Be6 13. Nxc6 bxc6 14. Nf4
Qd7 15. Nxe6 Qxe6 16. Re1 Qf6 17. Rf1 Qg6 18. Bd2 O-O 19. Qf3 Rad8 20. Rae1 Bd6
21. Re4 f5 22. Rh4 Rde8 23. Kh1 Re6 24. Rh5 Qf7 25. Qh3 g6 26. Rg5 Re2 27. Rd1
Rxd2 0-1

[Event "4. Praha Open"]
[Site "Praha CZE"]
[Date "2005.01.14"]
[Round "1.43"]
[White "Broekman, Willem"]
[Black "Cohen, Ronnie"]
[Result "1/2-1/2"]
[WhiteElo "2143"]
[BlackElo "1806"]
[PlyCount "119"]
[EventDate "2005.01.14"]
[EventType "swiss"]
[EventRounds "9"]
[EventCountry "CZE"]
[Source "lmi"]
[SourceDate "2005.01.20"]

1. d4 d5 2. c4 e6 3. Nc3 Nf6 4. cxd5 exd5 5. Bg5 Be7 6. e3 O-O 7. Qc2 c6 8. Bd3
Nbd7 9. Nf3 Re8 10. O-O Nf8 11. Rab1 a5 12. a3 g6 13. b4 axb4 14. axb4 Ne6 15.
Bh4 Ng7 16. b5 Bf5 17. bxc6 bxc6 18. Ne5 Bxd3 19. Qxd3 Qc7 20. Rfc1 Ra3 21. Qc2
Rxc3 22. Qxc3 Ne4 23. Qxc6 Qxc6 24. Rxc6 Bxh4 25. g3 Be7 26. Rb7 Ne6 27. Ra6
N6g5 28. h4 Nh3+ 29. Kg2 Nhxf2 30. Raa7 Nd1 31. Rxe7 Rxe7 32. Rxe7 Nxe3+ 33.
Kf3 Nf5 34. Rxf7 Nxd4+ 35. Kg2 Nf5 36. Rd7 Nexg3 37. Kh3 Nh5 38. Nf3 Nf4+ 39.
Kg4 Ne6 40. h5 Ne3+ 41. Kh4 Nf5+ 42. Kh3 Nf4+ 43. Kg4 Nxh5 44. Kg5 Nhg3 45.
Rxd5 Ne4+ 46. Kf4 Nf6 47. Ra5 Kg7 48. Ra1 Nd6 49. Ng5 h6 50. Ra7+ Kf8 51. Ne6+
Ke8 52. Ke5 Nde4 53. Nc7+ Kd8 54. Nb5 g5 55. Ke6 Kc8 56. Kf5 g4 57. Rg7 h5 58.
Na7+ Kd8 59. Nc6+ Kc8 60. Na7+ 1/2-1/2

[Event "4. Praha Open"]
[Site "Praha CZE"]
[Date "2005.01.14"]
[Round "1.51"]
[White "Leks, Hanna"]
[Black "Katte, Nicolas"]
[Result "1-0"]
[WhiteElo "2170"]
[BlackElo "1948"]
[PlyCount "71"]
[EventDate "2005.01.14"]
[EventType "swiss"]
[EventRounds "9"]
[EventCountry "CZE"]
[Source "lmi"]
[SourceDate "2005.01.20"]

1. e4 d6 2. d4 Nf6 3. Nc3 g6 4. f4 Bg7 5. Nf3 c5 6. dxc5 Qa5 7. Bd3 Qxc5 8. Qe2
Nc6 9. Be3 Qb4 10. O-O O-O 11. a3 Qa5 12. Rab1 Ng4 13. Bd2 Nd4 14. Qd1 Qc5 15.
Kh1 Qh5 16. h3 Nxf3 17. Qxf3 Bd4 18. Nd5 Bf6 19. f5 Ne5 20. Qxh5 gxh5 21. Nxf6+
exf6 22. Be2 Re8 23. Rbe1 Bd7 24. Bxh5 Rac8 25. Bc3 Ba4 26. Rf2 Nd7 27. Rd2 Nc5
28. Bf3 Bc6 29. Rde2 Bb5 30. Re3 Na4 31. Bxf6 Rxc2 32. Bh5 Nxb2 33. Rg3+ Kf8
34. Rg7 Rec8 35. Rxf7+ Kg8 36. Re3 1-0

[Event "4. Praha Open"]
[Site "Praha CZE"]
[Date "2005.01.15"]
[Round "2.4"]
[White "Meduna, Eduard"]
[Black "Kovar, Vojtech"]
[Result "1-0"]
[WhiteElo "2435"]
[BlackElo "2199"]
[PlyCount "49"]
[EventDate "2005.01.14"]
[EventType "swiss"]
[EventRounds "9"]
[EventCountry "CZE"]
[Source "lmi"]
[SourceDate "2005.01.20"]

1. d4 Nf6 2. c4 g6 3. Nc3 d5 4. Bf4 Bg7 5. e3 O-O 6. Rc1 c5 7. dxc5 Qa5 8. Nf3
Nc6 9. cxd5 Ne4 10. dxc6 Nxc3 11. bxc3 Bxc3+ 12. Nd2 Bf5 13. c7 e5 14. Bh6 Rfc8
15. Be2 Be4 16. Rxc3 Qxc3 17. O-O Bc2 18. Qc1 Qxc5 19. Bc4 Qxc7 20. Qxc2 b5 21.
Bxf7+ Qxf7 22. Qb2 Qe6 23. f4 Rc6 24. fxe5 Ra6 25. Qb4 1-0

[Event "4. Praha Open"]
[Site "Praha CZE"]
[Date "2005.01.15"]
[Round "2.5"]
[White "Toman, Jan"]
[Black "Simacek, Pavel"]
[Result "0-1"]
[WhiteElo "2171"]
[BlackElo "2432"]
[PlyCount "78"]
[EventDate "2005.01.14"]
[EventType "swiss"]
[EventRounds "9"]
[EventCountry "CZE"]
[Source "lmi"]
[SourceDate "2005.01.20"]

1. d4 Nf6 2. c4 c5 3. d5 e6 4. Nc3 exd5 5. cxd5 d6 6. e4 g6 7. h3 Bg7 8. Nf3
O-O 9. Bd3 Re8 10. O-O a6 11. a4 c4 12. Bc2 Nbd7 13. Bf4 Qc7 14. Re1 Rb8 15.
Qd2 Nh5 16. Bh2 Ne5 17. Nd4 Qc5 18. Rad1 Bxh3 19. Kh1 Bd7 20. Nce2 Ng4 21. Bg1
Bh6 22. Qc3 b5 23. axb5 axb5 24. b4 Qc8 25. f3 Ne5 26. Be3 Bxe3 27. Qxe3 Qd8
28. Kg1 Qh4 29. Ra1 f5 30. Ne6 Bxe6 31. dxe6 f4 32. Qd2 Ng3 33. Nd4 Rxe6 34.
Ra6 g5 35. Rea1 Rf6 36. Qd1 g4 37. Ra7 gxf3 38. Nxf3 Qh1+ 39. Kf2 Ng4# 0-1

[Event "4. Praha Open"]
[Site "Praha CZE"]
[Date "2005.01.15"]
[Round "2.11"]
[White "Golcman, Evgeny"]
[Black "Leks, Hanna"]
[Result "1/2-1/2"]
[WhiteElo "2336"]
[BlackElo "2170"]
[PlyCount "91"]
[EventDate "2005.01.14"]
[EventType "swiss"]
[EventRounds "9"]
[EventCountry "CZE"]
[Source "lmi"]
[SourceDate "2005.01.20"]

1. c4 e5 2. g3 c5 3. Bg2 Nc6 4. Nc3 g6 5. e3 Bg7 6. Nge2 Nge7 7. O-O O-O 8. b3
d6 9. Bb2 Bg4 10. d3 Qd7 11. Qd2 Rab8 12. f3 Be6 13. Ne4 f5 14. Ng5 d5 15. Nxe6
Qxe6 16. cxd5 Nxd5 17. e4 Nde7 18. f4 Rbd8 19. Qc3 b6 20. Rad1 Kh8 21. a3 a5
22. Qc4 Qd6 23. Qc2 exf4 24. gxf4 Nd4 25. Nxd4 Bxd4+ 26. Bxd4+ Qxd4+ 27. Kh1
Rd7 28. Bh3 Nc6 29. Qg2 Qd6 30. e5 Qe6 31. Qb2 Rfd8 32. Qc3 Nd4 33. b4 Nb5 34.
Qb2 axb4 35. axb4 c4 36. Bg2 Rxd3 37. Rxd3 cxd3 38. Rd1 Kg7 39. h3 Qc4 40. Qd2
Rd4 41. Bf1 Rxf4 42. Bxd3 Qd5+ 43. Kg1 Qd4+ 44. Kh1 Qd5+ 45. Kg1 Qd4+ 46. Kh1
1/2-1/2

[Event "4. Praha Open"]
[Site "Praha CZE"]
[Date "2005.01.15"]
[Round "2.14"]
[White "Sergeeva, Maria"]
[Black "Petrak, Robert"]
[Result "1-0"]
[WhiteElo "2312"]
[BlackElo "2148"]
[PlyCount "57"]
[EventDate "2005.01.14"]
[EventType "swiss"]
[EventRounds "9"]
[EventCountry "CZE"]
[Source "lmi"]
[SourceDate "2005.01.20"]

1. e4 Nf6 2. e5 Nd5 3. d4 d6 4. Nf3 Bg4 5. Be2 Nc6 6. O-O Bxf3 7. Bxf3 dxe5 8.
dxe5 e6 9. c4 Nde7 10. Qa4 Qd4 11. Bg5 f6 12. exf6 gxf6 13. Be3 Qxb2 14. Nd2
Qb4 15. Qc2 Ne5 16. Bh5+ N5g6 17. Rab1 Qa5 18. Rb5 Qa6 19. Ne4 Nd5 20. Bxg6+
hxg6 21. Nxf6+ Kf7 22. Nxd5 exd5 23. Rxd5 Bd6 24. h3 Rae8 25. c5 Bh2+ 26. Kxh2
Qxf1 27. Rd7+ Re7 28. Rxe7+ Kxe7 29. Qxg6 1-0

[Event "4. Praha Open"]
[Site "Praha CZE"]
[Date "2005.01.15"]
[Round "2.15"]
[White "Srba, Milan"]
[Black "Pel, Bonno"]
[Result "1-0"]
[WhiteElo "2142"]
[BlackElo "2308"]
[PlyCount "87"]
[EventDate "2005.01.14"]
[EventType "swiss"]
[EventRounds "9"]
[EventCountry "CZE"]
[Source "lmi"]
[SourceDate "2005.01.20"]

1. e4 d6 2. d4 g6 3. Nc3 Nf6 4. Be3 c6 5. a4 Nbd7 6. h3 e5 7. g4 Be7 8. Nge2 h5
9. g5 Nh7 10. h4 f6 11. f4 fxg5 12. fxg5 exd4 13. Qxd4 Ne5 14. O-O-O Nf8 15.
Nf4 Ne6 16. Nxe6 Bxe6 17. Bf4 Qc7 18. Bh3 Bf7 19. Bxe5 dxe5 20. Bd7+ Kf8 21.
Qf2 Kg7 22. Bh3 Rhd8 23. Rxd8 Bxd8 24. Re1 Be8 25. Be6 Qe7 26. Rf1 a5 27. Nd1
Kh7 28. Qf6 Qg7 29. Qf3 Be7 30. Qb3 Rd8 31. Bf7 Bd7 32. Qxb7 Kh8 33. Ne3 Bc5
34. Nc4 Be6 35. Qc7 Rf8 36. Nxe5 Rc8 37. Nxg6+ Kh7 38. Qb7 Rd8 39. Ne5 Be3+ 40.
Kb1 Kh8 41. Qe7 Rb8 42. Qxe6 Bd4 43. Rf6 Bxb2 44. Rh6+ 1-0

[Event "4. Praha Open"]
[Site "Praha CZE"]
[Date "2005.01.15"]
[Round "2.20"]
[White "Szegi, Tomas"]
[Black "Kaplan, Daniel"]
[Result "1/2-1/2"]
[WhiteElo "2230"]
[BlackElo "2118"]
[PlyCount "33"]
[EventDate "2005.01.14"]
[EventType "swiss"]
[EventRounds "9"]
[EventCountry "CZE"]
[Source "lmi"]
[SourceDate "2005.01.20"]

1. e4 e5 2. f4 exf4 3. Nf3 Be7 4. Bc4 Bh4+ 5. Kf1 Nc6 6. d4 d6 7. Bxf4 Be7 8.
Nbd2 Nf6 9. c3 O-O 10. h3 d5 11. Bd3 dxe4 12. Nxe4 Nd5 13. Bd2 f5 14. Nf2 Kh8
15. Qc2 Bd6 16. Bg5 Qxg5 17. Nxg5 1/2-1/2

[Event "4. Praha Open"]
[Site "Praha CZE"]
[Date "2005.01.15"]
[Round "2.24"]
[White "Matovic, Petar"]
[Black "Kettenburg, Stefan"]
[Result "1/2-1/2"]
[WhiteElo "2263"]
[BlackElo "2030"]
[PlyCount "78"]
[EventDate "2005.01.14"]
[EventType "swiss"]
[EventRounds "9"]
[EventCountry "CZE"]
[Source "lmi"]
[SourceDate "2005.01.20"]

1. d4 d5 2. Nf3 Nf6 3. Bf4 e6 4. e3 Be7 5. Ne5 Nbd7 6. Nd2 Nxe5 7. dxe5 Nd7 8.
Bd3 c6 9. Qe2 Qb6 10. O-O-O Nc5 11. h4 Na4 12. Nb3 a5 13. c4 Nc5 14. Nxc5 Qxc5
15. Kb1 a4 16. Rc1 Qa5 17. h5 a3 18. b3 Bb4 19. Qg4 Kf8 20. Rh3 Be7 21. e4 dxc4
22. Bxc4 b5 23. Bd3 c5 24. Rg3 Rg8 25. Bh6 c4 26. Bxg7+ Ke8 27. Bc2 h6 28. Qf3
Bb7 29. Bxh6 Rxg3 30. fxg3 Rc8 31. Bf4 cxb3 32. Bxb3 Rxc1+ 33. Bxc1 Qe1 34. Bc2
Bg5 35. Qxa3 Bxe4 36. Qb2 Bxc1 37. Qxc1 Qb4+ 38. Qb2 Qe1+ 39. Qc1 Qb4+ 1/2-1/2

[Event "4. Praha Open"]
[Site "Praha CZE"]
[Date "2005.01.15"]
[Round "2.41"]
[White "Nemcova, Kristyna"]
[Black "Hodova, Lucie"]
[Result "1-0"]
[WhiteElo "2006"]
[BlackElo "2088"]
[PlyCount "77"]
[EventDate "2005.01.14"]
[EventType "swiss"]
[EventRounds "9"]
[EventCountry "CZE"]
[Source "lmi"]
[SourceDate "2005.01.20"]

1. e4 c5 2. Nf3 d6 3. d4 cxd4 4. Qxd4 a6 5. c4 Nc6 6. Qd2 Nf6 7. Nc3 g6 8. b3
Bg7 9. Bb2 O-O 10. h3 Qa5 11. Bd3 Rb8 12. O-O b5 13. Rfe1 Be6 14. cxb5 axb5 15.
Qe2 b4 16. Nd1 Nd7 17. Bxg7 Kxg7 18. Ne3 Nde5 19. Nxe5 Nxe5 20. f4 Nxd3 21.
Qxd3 Qa7 22. f5 Bd7 23. Kh1 Bb5 24. Qd2 Bc6 25. Ng4 gxf5 26. exf5 f6 27. Rac1
Ba8 28. Rc4 Kh8 29. Nh6 Qb7 30. Rg4 Rbe8 31. Rxb4 Qd7 32. Qe2 Bd5 33. Rh4 e5
34. fxe6 Rxe6 35. Qd2 Rxe1+ 36. Qxe1 Qg7 37. Qd2 Qg3 38. Nf5 Qe5 39. Rxh7+ 1-0

[Event "4. Praha Open"]
[Site "Praha CZE"]
[Date "2005.01.15"]
[Round "2.45"]
[White "Pertlova, Sona"]
[Black "Listopad, Martin"]
[Result "1/2-1/2"]
[WhiteElo "2072"]
[BlackElo "1970"]
[PlyCount "84"]
[EventDate "2005.01.14"]
[EventType "swiss"]
[EventRounds "9"]
[EventCountry "CZE"]
[Source "lmi"]
[SourceDate "2005.01.20"]

1. c4 f5 2. g3 Nf6 3. Bg2 e6 4. Nf3 Be7 5. b3 O-O 6. O-O d6 7. d4 Ne4 8. Bb2
Bf6 9. Nbd2 Nc6 10. e3 Bd7 11. a3 a5 12. Qc2 d5 13. Rfd1 Be8 14. Ne5 Bh5 15.
Rdc1 Qd6 16. Ndf3 Ne7 17. c5 Qd8 18. c6 b6 19. Nd7 Rf7 20. Nfe5 Bxe5 21. Nxe5
Rf6 22. b4 g5 23. f4 gxf4 24. exf4 Nc8 25. Bc3 Nxc3 26. Qxc3 Nd6 27. Qb2 Rh6
28. bxa5 Rxa5 29. a4 Qa8 30. Qb4 Be8 31. Bf1 Kh8 32. Nd7 Bxd7 33. cxd7 Qd8 34.
Bb5 Rg6 35. Bc6 Qh4 36. Kh1 Qd8 37. Qc3 Ne4 38. Qc2 Rh6 39. Kg2 Kg8 40. Ra3 Rg6
41. Bb5 Ra7 42. Kh1 Rg7 1/2-1/2

[Event "4. Praha Open"]
[Site "Praha CZE"]
[Date "2005.01.16"]
[Round "3.1"]
[White "Hasangatin, Ramil"]
[Black "Van Der Weide, Karel"]
[Result "1/2-1/2"]
[WhiteElo "2353"]
[BlackElo "2490"]
[PlyCount "34"]
[EventDate "2005.01.14"]
[EventType "swiss"]
[EventRounds "9"]
[EventCountry "CZE"]
[Source "lmi"]
[SourceDate "2005.01.20"]

1. e4 c5 2. Nf3 g6 3. d4 Bg7 4. c4 Qb6 5. Nc3 cxd4 6. Nd5 Qa5+ 7. b4 Qd8 8.
Nxd4 e6 9. Ne3 Ne7 10. Bb2 O-O 11. Qd2 d5 12. exd5 exd5 13. Rd1 dxc4 14. Bxc4
Nbc6 15. Nxc6 Qxd2+ 16. Rxd2 Nxc6 17. Bxg7 Kxg7 1/2-1/2

[Event "4. Praha Open"]
[Site "Praha CZE"]
[Date "2005.01.16"]
[Round "3.2"]
[White "Sergeev, Vladimir"]
[Black "Sergeeva, Maria"]
[Result "0-1"]
[WhiteElo "2438"]
[BlackElo "2312"]
[PlyCount "86"]
[EventDate "2005.01.14"]
[EventType "swiss"]
[EventRounds "9"]
[EventCountry "CZE"]
[Source "lmi"]
[SourceDate "2005.01.20"]

1. Nf3 Nf6 2. b3 g6 3. Bb2 Bg7 4. g3 O-O 5. Bg2 d6 6. d4 c6 7. Nbd2 Bf5 8. Nh4
d5 9. Nxf5 gxf5 10. h3 e6 11. e3 Ne4 12. g4 Qf6 13. Nf3 Nd7 14. Qe2 a5 15. a4
Rac8 16. O-O fxg4 17. hxg4 Qg6 18. Ne5 Nxe5 19. dxe5 b5 20. c4 bxc4 21. bxc4
dxc4 22. Rfd1 c3 23. Bxe4 Qxe4 24. Bxc3 Rcd8 25. Rxd8 Rxd8 26. f3 Qd5 27. f4
Bf8 28. Kf2 Bb4 29. Rc1 c5 30. Qc2 Qc6 31. Kg3 Qd5 32. g5 Bxc3 33. Qxc3 Qe4 34.
Re1 c4 35. Qxa5 Rd3 36. Qb6 Rd5 37. Re2 Rd3 38. a5 c3 39. Kf2 Rd1 40. a6 Qh1
41. Qb8+ Kg7 42. Qb7 Qf1+ 43. Kg3 Qxe2 0-1

[Event "4. Praha Open"]
[Site "Praha CZE"]
[Date "2005.01.16"]
[Round "3.3"]
[White "Virostko, Petr"]
[Black "Meduna, Eduard"]
[Result "1/2-1/2"]
[WhiteElo "2319"]
[BlackElo "2435"]
[PlyCount "78"]
[EventDate "2005.01.14"]
[EventType "swiss"]
[EventRounds "9"]
[EventCountry "CZE"]
[Source "lmi"]
[SourceDate "2005.01.20"]

1. e4 c6 2. d4 d5 3. e5 Bf5 4. Be3 e6 5. Nd2 Ne7 6. Ngf3 Bg6 7. Nh4 Nf5 8. Nxf5
Bxf5 9. Be2 c5 10. c3 cxd4 11. cxd4 Nc6 12. O-O Be7 13. Qb3 Qd7 14. a3 O-O 15.
Qd1 Rac8 16. Rc1 Na5 17. b4 Rxc1 18. Qxc1 Rc8 19. Qa1 Nc4 20. Rc1 Nxe3 21. fxe3
Rc7 22. Nb3 b6 23. Rxc7 Qxc7 24. Qc1 Qc2 25. Qxc2 Bxc2 26. Na1 Ba4 27. Bd3 f6
28. exf6 gxf6 29. Bc2 Bb5 30. Nb3 h6 31. Nd2 Bd6 32. g3 Kf7 33. Kf2 a5 34. bxa5
bxa5 35. a4 Bc6 36. Nf3 Ke7 37. Ne1 Bb4 38. Ng2 Bc3 39. Nh4 Bd7 1/2-1/2